Lookit [juego] /

Guardado en:
Formato: Objeto Físico
Publicado: Argentina : Ditoys, [201?]
Materias:
Etiquetas: Agregar Etiqueta
Sin Etiquetas, Sea el primero en etiquetar este registro!
LEADER 00730nrm a22001575g 4500
001 CEM.cems019480
008 130507b201?##################0###0#####d
005 20220830190725.0
245 0 0 |a Lookit [juego] /  |c Ditoys 
260 |a Argentina :  |b Ditoys,  |c [201?] 
300 |a 1 juego (6 tableros de juego de dos caras, 150 cartas de misión, 1 reloj de arena, 30 fichas plásticas, 1 dado) ; en caja 30 x 30 x 6 cm. + instrucciones. 
500 |a Para 2 a más de 6 jugadores a partir de 7 años objetivo: cumplir la misión en el tiempo transcurrido por el reloj. 
082 0 4 |a J793.7 
653 |a 1. juegos que requieren concentración 
653 |a 2. juegos de entretenimiento general 
859 |a CEMS  |b BIB. CEMS - Ludoteca  |h J793.7  |i D635  |p 456.17  |t Ej.1